|
|
|
|
| LEADER |
00000nab a2200000 a 4500 |
| 001 |
vtls000636918 |
| 003 |
SK-MaSNL |
| 005 |
20260304083824.0 |
| 008 |
250425c1997 xo 0 slo |
| 015 |
|
|
|a SNBRB19rr/mm-uuuuu
|
| 035 |
|
|
|a CL0637057
|
| 035 |
|
|
|a urn:nbn:sk:snk-abh1o
|
| 035 |
|
|
|a (urnnbn)urn:nbn:sk:snk:ar-a03s1c
|
| 035 |
|
|
|a (uuid)7f8e5b68-b82e-40f2-acca-c4ff7fa6ae0d
|
| 040 |
|
|
|a SNKBUCL
|b slo
|c SNKBUCL
|e AACR2
|
| 041 |
0 |
|
|a eng
|
| 044 |
|
|
|a xo
|c SK
|
| 080 |
|
|
|a 537.621:669.15.017
|2 1981
|
| 080 |
|
|
|a 669.15.017
|2 1981
|
| 245 |
0 |
0 |
|a Influence of Heat Treatment and Electrotechnical Coatings on Magnetic Permeability and Time Stability of Amorphous Fe80.5B12Si6.5C1 Alloys
|c Adam Košturiak, Fedor Vasilco, Ladislav Valko, Jiří Polavka
|
| 300 |
|
|
|b Obr. 3, tab. 3, lit. 23 zázn. v angl., ruš., slov.
|
| 500 |
|
|
|a Životopisné údaje
|
| 650 |
0 |
7 |
|a zliatiny Fe-B-Si-C
|2 snkbucl
|9 1375219
|
| 650 |
0 |
7 |
|a permeabilita magnetická
|2 snkbucl
|9 1375220
|
| 655 |
|
7 |
|a články z novín a časopisov
|2 snkbucl
|9 267496
|
| 700 |
1 |
|
|a Košturiak, Adam,
|d 1940-
|4 aut
|9 80407
|
| 700 |
1 |
|
|a Vasilco, Fedor
|4 aut
|9 622619
|
| 700 |
1 |
|
|a Valko, Ladislav,
|d 1930-2013
|4 aut
|9 26150
|
| 700 |
1 |
|
|a Polavka, Jiří
|4 aut
|9 799515
|
| 773 |
0 |
|
|t Journal of electrical engineering
|g Roč. 48, č. 3-4 (1997), s. 67-74
|x 0013-578X
|
| 850 |
|
|
|a Slovenská národná knižnica
|
| 852 |
|
|
|a Slovenská národná knižnica
|
| 958 |
|
|
|a article27
|
| 958 |
|
|
|a NB
|
| 958 |
|
|
|a RK
|
| 958 |
|
|
|a OND
|
| 958 |
|
|
|a EUIPO
|
| 999 |
|
|
|c 2801409
|d 2803339
|